Every Class 2 Tennessee Senator - Statistics

General Stats
  • This quiz has been taken 23 times
  • The average score is 21 of 38
Answer Stats
Picture Hint Answer % Correct
D(1985-1993) Al Gore
100%
JR(1823-1825) Andrew Jackson
100%
R(2019-) Bill Hagerty
100%
R(2003-2019) Lamar Alexander
100%
D(1840-1843) Alexander O. Anderson
50%
D(1859-1866) Alfred O.P. Nicholson
50%
D(1939-1949) A. Thomas Stewart
50%
D(1931-1933) Cordell Hull
50%
R(1805-1809) Daniel Smith
50%
D(1901-1907) Edward W. Carmack
50%
D(1949-1963) Estes Kefauver
50%
R(1994-2003) Fred D. Thompson
50%
D(1937-1939) George L. Berry
50%
R(1811-1814) George W. Campbell
50%
D(1993-1994) Harlan Mathews
50%
D(1871-1877) Henry Cooper
50%
D(1963-1964) Herbert S. Walters
50%
R(1967-1985) Howard H. Baker Jr.
50%
J(1825-1840) Hugh Lawson White
50%
D(1877-1897) Isham G. Harris
50%
R(1809-1811) Jenkin Whiteside
50%
R(1814-1815) Jesse Wharton
50%
AM(1847-1859) John Bell
50%
D(1913-1925) John K. Shields
50%
R(1815-1823) John Williams
50%
R(1797-1799) Joseph Anderson
50%
R(1866-1871) Joseph S. Fowler
50%
D(1925-1929) Lawrence D. Tyson
50%
D(1933-1937) Nathan L. Bachman
50%
R(1912-1913) Newell Sanders
50%
D(1907-1912) Robert L. Taylor
50%
D(1964-1967) Ross Bass
50%
D(1897-1901) Thomas B. Turley
50%
R(1796-1797) William Blount
50%
R(1799-1805) William Cocke
50%
D(1929-1931) William E. Brock
50%
D(1913-1913) William R. Webb
50%
W(1843-1847) Spencer Jarnigan
0%
No matching quizzes found
Score Distribution
Percent of People with Each Score
Percentile by Number Answered
Your Score History
You have not taken this quiz